[Event "XXXI C.to Italiano a squadre A1 Nord"]
[Site "ITA"]
[Date "1999.04.18"]
[Round "5"]
[White "Borgo, Giulio"]
[Black "Ceschia, Ivano"]
[Result "1-0"]
[WhiteElo "2448"]
[BlackElo "2330"]
[PlyCount "91"]
[EventDate "1999.02.21"]

1. e4 c5 2. Nf3 e6 3. c4 Nc6 4. Nc3 Nf6 5. Be2 d5 6. exd5 exd5 7. d4 cxd4 8.
Nxd4 dxc4 9. Nxc6 Qxd1+ 10. Nxd1 bxc6 11. Bxc4 Bb4+ 12. Bd2 Bxd2+ 13. Kxd2 O-O
14. Ne3 Ne4+ 15. Ke2 Rb8 16. Rab1 Rd8 17. Rhd1 Rxd1 18. Rxd1 Be6 19. f3 Nc5 20.
b3 Bxc4+ 21. Nxc4 Re8+ 22. Kf2 Kf8 23. b4 Na4 24. Rc1 Rb8 25. a3 f6 26. Nd6 Rb6
27. Re1 Rb8 28. Rc1 Rb6 29. Ne4 Ra6 30. Rc2 f5 31. Nd6 g6 32. Nb7 Rb6 33. Nc5
Nxc5 34. Rxc5 Ke7 35. Ra5 Rb7 36. Ke3 Kd6 37. Kd4 Re7 38. Ra6 Rb7 39. Kc4 Re7
40. b5 Re2 41. Rxc6+ Kd7 42. Ra6 Rc2+ 43. Kb4 Rb2+ 44. Ka5 Rxg2 45. Rxa7+ Kd6
46. Rxh7 1-0

[Event "XXXI C.to Italiano a squadre A1 Nord"]
[Site "ITA"]
[Date "1999.04.18"]
[Round "5"]
[White "Godena, Michele"]
[Black "Mohr, Georg"]
[Result "1/2-1/2"]
[WhiteElo "2552"]
[BlackElo "2476"]
[PlyCount "137"]
[EventDate "1999.02.21"]

1. e4 c5 2. Nf3 d6 3. Bc4 Nf6 4. d3 Nc6 5. c3 a6 6. Bb3 Bg4 7. h3 Bh5 8. g4 Bg6
9. Nh4 e6 10. Qe2 d5 11. Nxg6 hxg6 12. g5 c4 13. dxc4 dxc4 14. Bxc4 Nd7 15. Be3
Be7 16. h4 b5 17. Bb3 Nc5 18. Bxc5 Bxc5 19. Nd2 Qc7 20. O-O-O Qf4 21. Qf3 Qxf3
22. Nxf3 Bxf2 23. Rhf1 Bg3 24. Rg1 Bf4+ 25. Kc2 Ne5 26. Nxe5 Bxe5 27. Rg4 Ke7
28. a4 b4 29. cxb4 Rab8 30. Bc4 Rxb4 31. b3 Rb6 32. a5 Rc6 33. Rg2 Rxh4 34.
Rgd2 Rh2 35. Rxh2 Bxh2 36. Kd3 Bf4 37. Rg1 Rc5 38. b4 Rc6 39. Rg4 Be5 40. Rg1
Kd6 41. Rh1 Kc7 42. Rh8 Kb7 43. Rf8 Rc7 44. b5 axb5 45. Bxb5 Bd6 46. Rd8 Be7
47. Rd7 Rxd7+ 48. Bxd7 Bxg5 49. Be8 f6 50. Bxg6 Ka6 51. e5 fxe5 52. Ke4 Bf4 53.
Bf7 Kxa5 54. Bxe6 Kb4 55. Bf5 Kc5 56. Bg6 Kd6 57. Bh5 Ke6 58. Bg4+ Kf6 59. Bd7
Kg5 60. Kf3 Kf6 61. Ke4 Ke7 62. Bc8 Kd6 63. Bg4 Kc5 64. Be6 Kb4 65. Bf5 Kc3 66.
Kf3 Kd4 67. Be4 Bc1 68. Bb7 g5 69. Bc6 1/2-1/2

[Event "XXXI C.to Italiano a squadre A1 Nord"]
[Site "ITA"]
[Date "1999.04.18"]
[Round "5"]
[White "Mussoni, Marcello"]
[Black "Belotti, Bruno"]
[Result "0-1"]
[WhiteElo "2245"]
[BlackElo "2441"]
[PlyCount "62"]
[EventDate "1999.02.21"]

1. d4 Nf6 2. Nf3 g6 3. c4 Bg7 4. Nc3 d6 5. e4 O-O 6. Be2 e5 7. O-O Nc6 8. d5
Ne7 9. Nd2 c5 10. a3 Ne8 11. b4 b6 12. Nb3 Kh8 13. Bd2 f5 14. f3 Ng8 15. Qe1 f4
16. Nd1 h5 17. a4 g5 18. Nf2 Nh6 19. h3 g4 20. fxg4 hxg4 21. Nxg4 Nxg4 22. Bxg4
Bxg4 23. hxg4 Qg5 24. a5 Nf6 25. Qe2 Qg6 26. Rae1 Nxg4 27. Rf3 Rf7 28. Rh3+ Bh6
29. Rf1 Rg8 30. Rff3 Nf6 31. Rxh6+ Qxh6 0-1

[Event "XXXI C.to Italiano a squadre A1 Nord"]
[Site "ITA"]
[Date "1999.04.18"]
[Round "5"]
[White "Pavasovic, Dusko"]
[Black "Stangl, Markus"]
[Result "1-0"]
[WhiteElo "2502"]
[BlackElo "2545"]
[PlyCount "59"]
[EventDate "1999.02.21"]

1. e4 c5 2. Nf3 d6 3. Bb5+ Bd7 4. Bxd7+ Nxd7 5. O-O Ngf6 6. Qe2 e6 7. d3 Be7 8.
Ng5 h6 9. Nh3 g5 10. f4 gxf4 11. Nxf4 Ne5 12. c3 Rg8 13. Kh1 Qb6 14. Be3 Qa6
15. b4 Nfg4 16. Bg1 Nc6 17. bxc5 dxc5 18. a4 Rd8 19. Na3 Qa5 20. Nc4 Qc7 21.
Rad1 Na5 22. Ne3 Nxe3 23. Bxe3 Nc6 24. d4 Bg5 25. d5 exd5 26. Nxd5 Qb8 27. Qh5
Ne5 28. Rf5 Qd6 29. Rdf1 Bxe3 30. Rxe5+ 1-0

[Event "I Festival B"]
[Site "Vanzaghello ITA"]
[Date "1999.09.23"]
[Round "1"]
[White "Brioschi, Camillo"]
[Black "Troiani, Mauro"]
[Result "1/2-1/2"]
[WhiteElo "1720"]
[BlackElo "1722"]
[PlyCount "65"]
[EventDate "1999.09.23"]

1. d4 d5 2. c4 c6 3. Nc3 Nf6 4. cxd5 cxd5 5. Bf4 g6 6. h3 Bg7 7. Nf3 O-O 8. e3
Nc6 9. Bd3 a6 10. Rc1 Bd7 11. O-O b5 12. Qe2 Rc8 13. Ne5 e6 14. Nf3 Qb6 15. Nd2
Na5 16. b3 Rc6 17. b4 Nc4 18. Bxc4 bxc4 19. a3 Rcc8 20. Nf3 Rfd8 21. Qc2 Ra8
22. Na4 Bxa4 23. Qxa4 Qb5 24. Qc2 a5 25. Rb1 axb4 26. Rxb4 Qa5 27. Ne5 Qxa3 28.
Rfb1 Ne4 29. Nxc4 Qc3 30. Qxc3 Nxc3 31. Nb6 Nxb1 32. Nxa8 Nc3 33. Rb8 1/2-1/2

[Event "I Festival B"]
[Site "Vanzaghello ITA"]
[Date "1999.09.23"]
[Round "1"]
[White "Tortora, Franco"]
[Black "Nessi, Silvio"]
[Result "0-1"]
[WhiteElo "1843"]
[BlackElo "1813"]
[PlyCount "100"]
[EventDate "1999.09.23"]

1. d4 Nf6 2. c4 e6 3. g3 d5 4. Bg2 c6 5. Nf3 Bd6 6. O-O O-O 7. Nc3 Nbd7 8. Qc2
dxc4 9. e4 e5 10. Rd1 Qe7 11. d5 cxd5 12. exd5 a6 13. a4 b6 14. Ng5 Bb7 15.
Nge4 h6 16. Nxd6 Qxd6 17. Qf5 Nc5 18. Be3 Rac8 19. h3 Rfe8 20. g4 Qd7 21. Qc2
Red8 22. g5 hxg5 23. Bxg5 Qd6 24. Qf5 Nb3 25. Ra2 Nd4 26. Qb1 Rd7 27. h4 Nxd5
28. h5 Nxc3 29. bxc3 Ne2+ 30. Rxe2 Qxd1+ 31. Re1 Qxb1 32. Rxb1 Bxg2 33. Kxg2
Rb8 34. Be3 b5 35. a5 Rd3 36. Rc1 f5 37. Bc5 Kf7 38. Bb4 Rh8 39. Rh1 Kf6 40.
Rh4 g6 41. h6 g5 42. Rh2 Kg6 43. Rh1 Rxh6 44. Re1 Kf6 45. Re3 Rxe3 46. fxe3 g4
47. Bc5 Rh3 48. Bb6 f4 49. exf4 exf4 50. Bc7 Kf5 0-1

[Event "I Festival B"]
[Site "Vanzaghello ITA"]
[Date "1999.09.24"]
[Round "2"]
[White "Brioschi, Camillo"]
[Black "Tortora, Franco"]
[Result "0-1"]
[WhiteElo "1720"]
[BlackElo "1843"]
[PlyCount "70"]
[EventDate "1999.09.23"]

1. d4 Nf6 2. c4 c5 3. Nf3 cxd4 4. Nxd4 e5 5. Nb5 d5 6. cxd5 Bc5 7. e3 O-O 8.
N1c3 a6 9. Na3 b5 10. Nc2 e4 11. b4 Bb6 12. Bb2 Re8 13. a4 bxa4 14. Nxa4 Bc7
15. Bc4 Ng4 16. Qd2 Ne5 17. Be2 Nbd7 18. d6 Bb8 19. Qd5 Ra7 20. Nc5 Nf6 21. Qd4
Nc6 22. Qd2 Bxd6 23. Rd1 Bxc5 24. Qc3 Qe7 25. bxc5 a5 26. O-O Ba6 27. Bxa6 Rxa6
28. Rd6 Qc7 29. Rfd1 Nb8 30. Na3 Rxd6 31. Rxd6 Nbd7 32. Rd5 Qc6 33. Qd4 Qxd5
34. Qxd5 Nxd5 35. c6 Nb8 0-1

[Event "I Festival B"]
[Site "Vanzaghello ITA"]
[Date "1999.09.24"]
[Round "2"]
[White "Troiani, Mauro"]
[Black "Nessi, Silvio"]
[Result "1-0"]
[WhiteElo "1722"]
[BlackElo "1813"]
[PlyCount "129"]
[EventDate "1999.09.23"]

1. d4 Nf6 2. c4 e6 3. Nc3 d5 4. cxd5 exd5 5. Bg5 Be7 6. e3 O-O 7. Bd3 c6 8. Qc2
Nbd7 9. Nf3 Re8 10. O-O Nf8 11. Bxf6 Bxf6 12. a3 Bg4 13. Nd2 Be7 14. b4 a6 15.
h3 Bh5 16. f4 f6 17. Nb3 Bd6 18. Qf2 Re7 19. Nc5 Qc7 20. e4 dxe4 21. N3xe4 Bg6
22. Bc4+ Bf7 23. Bxf7+ Rxf7 24. Nxb7 Bxf4 25. Qxf4 Qxf4 26. Rxf4 Rxb7 27. Nc5
Re7 28. Nb3 Re3 29. Rf3 Re4 30. Rc1 Ne6 31. Rxc6 Nxd4 32. Nxd4 Rxd4 33. Rf5 Rd2
34. Rfc5 Ra2 35. Rc3 Ra7 36. R6c5 Rd7 37. Ra5 Rdd2 38. Rg3 Rd6 39. Rc5 Rad2 40.
Rc8+ Kf7 41. Rc7+ Rd7 42. Rgc3 Ke6 43. R7c5 R2d3 44. Rxd3 Rxd3 45. Ra5 Rd6 46.
Kf2 g6 47. Ke3 h5 48. a4 Kd7 49. Ke4 Kc7 50. Rc5+ Kb6 51. a5+ Kb7 52. b5 axb5
53. Rxb5+ Kc7 54. Rb6 Rd2 55. Kf3 Ra2 56. Rxf6 Rxa5 57. Rxg6 Kd7 58. Kf4 Ke7
59. Rg5 Ra4+ 60. Kg3 h4+ 61. Kf3 Kf6 62. Rg4 Ra3+ 63. Kf2 Ra2+ 64. Kg1 Kf5 65.
Rxh4 1-0

[Event "I Festival B"]
[Site "Vanzaghello ITA"]
[Date "1999.09.25"]
[Round "3"]
[White "Nessi, Silvio"]
[Black "Brioschi, Camillo"]
[Result "1-0"]
[WhiteElo "1813"]
[BlackElo "1720"]
[PlyCount "89"]
[EventDate "1999.09.23"]

1. d4 Nf6 2. c4 e6 3. Nc3 d5 4. Bg5 Nbd7 5. cxd5 exd5 6. e3 c6 7. Bd3 Qa5 8.
Qc2 Be7 9. Nf3 Nf8 10. O-O Ng6 11. e4 dxe4 12. Nxe4 O-O 13. Nxf6+ Bxf6 14. Bxf6
gxf6 15. Nd2 Be6 16. Ne4 Qd8 17. Nc5 Bd5 18. Nxb7 Qd7 19. Nc5 Qg4 20. Ne4 Kg7
21. f3 Qf4 22. Kh1 Rfe8 23. Ng3 Kf8 24. Be4 Rad8 25. Rae1 Qg5 26. Qc5+ Kg8 27.
Bxd5 cxd5 28. Qc1 Nf4 29. Rxe8+ Rxe8 30. Re1 Rxe1+ 31. Qxe1 h5 32. Qd2 h4 33.
Nf1 Qf5 34. Kg1 h3 35. g4 Qg5 36. Ng3 Kg7 37. Nh5+ Nxh5 38. Qxg5+ fxg5 39. gxh5
Kh6 40. b4 Kxh5 41. a4 Kg6 42. b5 Kf6 43. a5 Ke6 44. b6 axb6 45. a6 1-0

[Event "I Festival B"]
[Site "Vanzaghello ITA"]
[Date "1999.09.25"]
[Round "3"]
[White "Tortora, Franco"]
[Black "Troiani, Mauro"]
[Result "1-0"]
[WhiteElo "1843"]
[BlackElo "1722"]
[PlyCount "63"]
[EventDate "1999.09.23"]

1. d4 d5 2. c4 c6 3. cxd5 cxd5 4. Nc3 Nf6 5. Nf3 g6 6. Bf4 Bg7 7. e3 O-O 8. h3
Nc6 9. Bd3 a6 10. O-O b5 11. Ne5 Bb7 12. Nxc6 Bxc6 13. b4 Qd7 14. a4 Nh5 15.
Bh2 e5 16. dxe5 d4 17. Ne4 f5 18. Nc5 Qd5 19. e4 Qf7 20. exf5 gxf5 21. Be2 Qg6
22. Bf3 Bxf3 23. Qxf3 Rae8 24. axb5 axb5 25. Ra6 Qf7 26. e6 Qg6 27. e7 Rf6 28.
Ra8 Rc6 29. Qd5+ Kh8 30. Rfa1 d3 31. Rxe8+ Qxe8 32. Ra8 1-0

[Event "I Festival B"]
[Site "Vanzaghello ITA"]
[Date "1999.09.25"]
[Round "4"]
[White "Nessi, Silvio"]
[Black "Tortora, Franco"]
[Result "0-1"]
[WhiteElo "1813"]
[BlackElo "1843"]
[PlyCount "80"]
[EventDate "1999.09.23"]

1. d4 Nf6 2. c4 c5 3. d5 b5 4. cxb5 a6 5. e3 axb5 6. Bxb5 Qa5+ 7. Nc3 Bb7 8.
Nge2 Bxd5 9. O-O Bc6 10. a4 e6 11. Ng3 Be7 12. e4 O-O 13. Bf4 Qb4 14. Qe2 Re8
15. Bg5 Qa5 16. Rfd1 Na6 17. Nh5 Nxh5 18. Qxh5 Bxg5 19. Qxg5 Qb6 20. Rd3 Nb4
21. Rg3 g6 22. Rh3 Bxb5 23. e5 Bd3 24. Rd1 c4 25. Qh6 d5 26. Qxh7+ Kf8 27. Qh4
Qd8 28. Qd4 Kg7 29. Nb5 Rxa4 30. Nd6 Rh8 31. Rf3 Bf5 32. g4 Qh4 33. gxf5 Qxd4
34. f6+ Kf8 35. Rxd4 Nc6 36. Rd1 Nxe5 37. Ra3 Rxa3 38. bxa3 Nd7 39. a4 Nxf6 40.
Rb1 Ke7 0-1

[Event "I Festival B"]
[Site "Vanzaghello ITA"]
[Date "1999.09.25"]
[Round "4"]
[White "Troiani, Mauro"]
[Black "Brioschi, Camillo"]
[Result "1-0"]
[WhiteElo "1722"]
[BlackElo "1720"]
[PlyCount "111"]
[EventDate "1999.09.23"]

1. d4 Nf6 2. c4 e6 3. Nc3 d5 4. cxd5 exd5 5. Bg5 Be7 6. e3 O-O 7. Bd3 c6 8. Qc2
Nbd7 9. Nf3 h6 10. Bh4 Re8 11. O-O Ne4 12. Bxe7 Qxe7 13. a3 f5 14. b4 g5 15. b5
g4 16. Nd2 Ndf6 17. bxc6 bxc6 18. Ncxe4 fxe4 19. Be2 Bd7 20. Nb3 Reb8 21. Nc5
Rb6 22. Rab1 Rab8 23. a4 Qd8 24. Rfc1 Bc8 25. a5 Rb4 26. Rxb4 Rxb4 27. Qa2 Qc7
28. Rb1 Qb8 29. Rb3 Nd7 30. Qa3 Rxb3 31. Qxb3 Qxb3 32. Nxb3 Nb8 33. Nc5 Kf7 34.
Bf1 Ke7 35. h3 gxh3 36. gxh3 Nd7 37. Nxd7 Bxd7 38. Kh2 Kd6 39. Kg3 c5 40. dxc5+
Kxc5 41. Kf4 Kb4 42. a6 Bb5 43. Bxb5 Kxb5 44. Ke5 Kxa6 45. Kxd5 Kb5 46. Kxe4
Kc4 47. f4 a5 48. f5 a4 49. f6 a3 50. f7 a2 51. f8=Q a1=Q 52. Qc8+ Kb5 53. Qb7+
Kc5 54. Qc7+ Kb4 55. Qb6+ Kc4 56. Qd4+ 1-0

[Event "I Festival B"]
[Site "Vanzaghello ITA"]
[Date "1999.09.26"]
[Round "5"]
[White "Nessi, Silvio"]
[Black "Troiani, Mauro"]
[Result "1-0"]
[WhiteElo "1813"]
[BlackElo "1722"]
[PlyCount "73"]
[EventDate "1999.09.23"]

1. d4 Nf6 2. c4 c5 3. d5 b5 4. cxb5 g6 5. Nc3 a6 6. e4 d6 7. Nf3 Nbd7 8. bxa6
Bxa6 9. Bxa6 Rxa6 10. O-O Bg7 11. Qe2 Ra8 12. e5 dxe5 13. Nxe5 Nxe5 14. Qxe5
O-O 15. Bg5 Ra7 16. Qe3 Qb6 17. Rab1 Rd8 18. Rfd1 Ng4 19. Qe2 Ne5 20. Bf4 Qf6
21. Be3 Ra5 22. Ne4 Qf5 23. Bxc5 Rxc5 24. Nxc5 Rxd5 25. Rbc1 Rxd1+ 26. Rxd1 Bh6
27. b4 Nc6 28. a3 e5 29. Qe4 Qf6 30. h3 Nd4 31. Nd7 Qg5 32. Nxe5 Ne6 33. Re1
Nf4 34. Ng4 Bf8 35. Qe5 f5 36. Nf6+ Kf7 37. Qe8+ 1-0

[Event "I Festival B"]
[Site "Vanzaghello ITA"]
[Date "1999.09.26"]
[Round "5"]
[White "Tortora, Franco"]
[Black "Brioschi, Camillo"]
[Result "1-0"]
[WhiteElo "1843"]
[BlackElo "1720"]
[PlyCount "99"]
[EventDate "1999.09.23"]

1. d4 Nf6 2. c4 e6 3. g3 d5 4. Bg2 Nbd7 5. Nf3 Bd6 6. O-O c6 7. Qc2 O-O 8. Rd1
Ne4 9. Nfd2 f5 10. Nxe4 fxe4 11. Nc3 Nf6 12. f3 exf3 13. exf3 dxc4 14. Ne4 Nxe4
15. fxe4 Qe7 16. Qxc4 Bd7 17. Be3 Be8 18. Rf1 Bf7 19. e5 Bc7 20. b4 Bb6 21. a4
a6 22. Bh3 Kh8 23. Ra2 Rae8 24. Raf2 Bg8 25. Rxf8 Rxf8 26. Rxf8 Qxf8 27. Bxe6
Qf3 28. Bf2 Bxe6 29. Qxe6 h6 30. Qd6 Qd5 31. Qf8+ Kh7 32. Qf4 Kg8 33. h4 a5 34.
bxa5 Bxa5 35. h5 b5 36. axb5 cxb5 37. Qg4 b4 38. Qc8+ Kh7 39. e6 Bd8 40. Qc5
Qxc5 41. dxc5 b3 42. Bd4 Kg8 43. c6 Bb6 44. Kg2 Bc7 45. g4 Kf8 46. Kf3 Ke7 47.
Bxg7 Kxe6 48. Ke4 Kd6 49. Bb2 Kxc6 50. g5 1-0

[Event "I Festival B"]
[Site "Vanzaghello ITA"]
[Date "1999.09.26"]
[Round "6"]
[White "Brioschi, Camillo"]
[Black "Nessi, Silvio"]
[Result "0-1"]
[WhiteElo "1720"]
[BlackElo "1813"]
[PlyCount "78"]
[EventDate "1999.09.23"]

1. d4 Nf6 2. c4 e6 3. Nc3 d5 4. Bg5 Be7 5. e3 h6 6. Bxf6 Bxf6 7. Nf3 O-O 8. Bd3
c5 9. cxd5 exd5 10. O-O Nc6 11. Be2 Be6 12. Rc1 cxd4 13. Nxd4 Nxd4 14. exd4 Qb6
15. Na4 Qxd4 16. Qxd4 Bxd4 17. Rfd1 Be5 18. Nc5 b6 19. Nxe6 fxe6 20. Ba6 Bxb2
21. Rc6 Rf6 22. Rd2 Ba3 23. Bc8 Kf7 24. Re2 e5 25. Rc7+ Kg6 26. Re3 Bf8 27. Rd3
e4 28. Rxd5 Bc5 29. h3 Bxf2+ 30. Kh2 Bc5 31. Kh1 e3 32. Ba6 Kh7 33. Bd3+ Kh8
34. Rdd7 Bf8 35. Rf7 Rd8 36. Rxf6 gxf6 37. Be2 Rd2 38. Rc8 Kg7 39. Rc7+ Kg6 0-1

[Event "I Festival B"]
[Site "Vanzaghello ITA"]
[Date "1999.09.26"]
[Round "6"]
[White "Troiani, Mauro"]
[Black "Tortora, Franco"]
[Result "0-1"]
[WhiteElo "1722"]
[BlackElo "1843"]
[PlyCount "68"]
[EventDate "1999.09.23"]

1. d4 Nf6 2. c4 c5 3. d5 b5 4. cxb5 a6 5. Nc3 Qa5 6. Bd2 axb5 7. e4 b4 8. e5
bxc3 9. Bxc3 Qa4 10. exf6 gxf6 11. Qxa4 Rxa4 12. Bb5 Ra8 13. f3 Rg8 14. Kf2 Ba6
15. Bxa6 Nxa6 16. Nh3 d6 17. a3 Nc7 18. Rhd1 Nb5 19. a4 Nxc3 20. bxc3 Kd7 21.
Rdb1 Kc7 22. a5 Bg7 23. Rb6 Rgb8 24. Rc6+ Kd7 25. Ra4 f5 26. c4 Rb2+ 27. Kg3 h6
28. Ra3 Rb4 29. a6 Ra7 30. Ra5 Rxc4 31. Rb5 Rb4 32. Rxb4 cxb4 33. Rb6 Bc3 34.
f4 e6 0-1

[Event "C.to Provinciale IM"]
[Site "Imperia ITA"]
[Date "1999.01.22"]
[Round "1"]
[White "Allaria, Luca"]
[Black "Tortorella, Giancarlo"]
[Result "0-1"]
[WhiteElo "1552"]
[BlackElo "1615"]
[PlyCount "48"]
[EventDate "1999.01.22"]

1. e4 d6 2. d4 g6 3. c4 Bg7 4. Nc3 Nf6 5. Bd3 O-O 6. Nge2 e5 7. d5 Nbd7 8. b4
a5 9. b5 Nc5 10. f4 Nh5 11. O-O exf4 12. Bxf4 Nxf4 13. Rxf4 Be5 14. Rf2 Bg4 15.
Qc2 Bxe2 16. Rxe2 Qh4 17. g3 Bxg3 18. Rb1 b6 19. Rd1 Be5 20. Na4 Rae8 21. Nxc5
Bd4+ 22. Kh1 Bxc5 23. Rde1 Re5 24. Rg2 Qxe1+ 0-1

[Event "C.to Provinciale IM"]
[Site "Imperia ITA"]
[Date "1999.01.23"]
[Round "2"]
[White "Donato, Antonino"]
[Black "Bianchin, Roberto"]
[Result "0-1"]
[WhiteElo "1485"]
[BlackElo "1713"]
[PlyCount "120"]
[EventDate "1999.01.22"]

1. e4 c6 2. Nf3 d5 3. exd5 cxd5 4. d4 Nf6 5. Nc3 Nc6 6. Bf4 a6 7. Ne5 e6 8. Be2
Qb6 9. Nxc6 bxc6 10. Na4 Qa5+ 11. c3 Nd7 12. Qb3 c5 13. Nxc5 Nxc5 14. dxc5 Bxc5
15. O-O Qb6 16. Qxb6 Bxb6 17. Bd6 Kd7 18. Bg3 Rd8 19. a4 Ke7 20. b4 Bb7 21. b5
Rdc8 22. Rac1 axb5 23. Bxb5 Ba6 24. Bxa6 Rxa6 25. Rb1 Rxc3 26. a5 Bd4 27. Rb7+
Kf6 28. Bc7 Rac6 29. Bd8+ Kg6 30. g3 Rc8 31. Bb6 Bxb6 32. Rxb6 Ra3 33. g4 Rxa5
34. f4 Re8 35. h4 f5 36. h5+ Kf7 37. g5 d4 38. Rc1 Re7 39. Rd1 Rd5 40. Rd3 Ra7
41. g6+ hxg6 42. hxg6+ Kf6 43. Kf1 Rc7 44. Ke2 Rc2+ 45. Kf3 Rh2 46. Rb4 Rh3+
47. Ke2 Rxd3 48. Kxd3 Kxg6 49. Rb1 Kf6 50. Re1 e5 51. fxe5+ Rxe5 52. Ra1 Rd5
53. Kc4 Rd7 54. Ra6+ Kg5 55. Kd3 f4 56. Ra1 Kf5 57. Ra5+ Kg4 58. Ra2 f3 59. Rb2
Kg3 60. Rb6 g5 0-1

[Event "C.to Provinciale IM"]
[Site "Imperia ITA"]
[Date "1999.01.23"]
[Round "2"]
[White "Tortorella, Giancarlo"]
[Black "Platino, Maurizio"]
[Result "0-1"]
[WhiteElo "1615"]
[BlackElo "1776"]
[PlyCount "114"]
[EventDate "1999.01.22"]

1. e4 d5 2. exd5 Qxd5 3. Nc3 Qa5 4. d4 Nf6 5. Bd2 Bg4 6. f3 Bh5 7. Bd3 Qb6 8.
Nge2 Bg6 9. Na4 Qc6 10. Nc5 Bxd3 11. Nxd3 Nbd7 12. O-O e6 13. Qc1 Bd6 14. c4 a5
15. c5 Be7 16. a4 Nd5 17. Nef4 Bf6 18. Ne2 O-O 19. Bg5 Qa6 20. Rd1 h6 21. Bxf6
N7xf6 22. Nef4 Rfd8 23. Ne5 Ne7 24. h4 Nf5 25. g4 Nxd4 26. g5 hxg5 27. hxg5 Ne8
28. Qc3 Ne2+ 29. Nxe2 Qxe2 30. Re1 Qd2 31. Qb3 Qxg5+ 32. Kf1 Rd2 33. Ng4 Qd5
34. Qc3 Qd3+ 35. Qxd3 Rxd3 36. Ne5 Rd2 37. Rab1 Rad8 38. c6 bxc6 39. Nxc6 R8d3
40. Nxa5 Rxf3+ 41. Kg1 Rff2 42. Nc4 Rc2 43. Rec1 c5 44. a5 Nc7 45. Ne3 Rxc1+
46. Rxc1 Rxb2 47. Rxc5 Rb7 48. Nc4 Kf8 49. Nd6 Ra7 50. Kf2 Na6 51. Rh5 Rc7 52.
Rh8+ Ke7 53. Ra8 Kxd6 54. Rxa6+ Kc5 55. Ra8 Kb5 56. a6 Kb6 57. Rg8 g6 0-1

[Event "C.to Provinciale IM"]
[Site "Imperia ITA"]
[Date "1999.01.23"]
[Round "3"]
[White "Mazzini, Aldo"]
[Black "Donato, Antonino"]
[Result "1/2-1/2"]
[WhiteElo "1600"]
[BlackElo "1485"]
[PlyCount "94"]
[EventDate "1999.01.22"]

1. d4 d5 2. c4 e6 3. Nc3 c5 4. Nf3 Nc6 5. e3 Nf6 6. Be2 Be7 7. O-O O-O 8. a3 b6
9. dxc5 bxc5 10. Nb5 a6 11. Nc3 d4 12. exd4 cxd4 13. Na4 Ne4 14. Bf4 Nc5 15.
Nxc5 Bxc5 16. b4 Ba7 17. Bd3 Bb8 18. Bxb8 Rxb8 19. b5 Ne7 20. Re1 Ng6 21. Re4
Qf6 22. Rxd4 Bb7 23. Be2 Rbd8 24. Rxd8 Rxd8 25. Qf1 Nf4 26. Rd1 Re8 27. a4 h5
28. Rd7 Be4 29. Ne1 Bf5 30. Bf3 e5 31. Ra7 e4 32. Rxa6 Re6 33. Rxe6 Qxe6 34.
Be2 Qg6 35. g3 Bh3 36. Ng2 Bxg2 37. Qd1 Nxe2+ 38. Qxe2 Bf3 39. Qf1 h4 40. Qh3
e3 41. fxe3 Qb1+ 42. Kf2 Qe4 43. Qxh4 Bg4 44. Qd8+ Kh7 45. Qd5 Qc2+ 46. Kg1
Qc1+ 47. Kf2 Qc2+ 1/2-1/2

[Event "C.to Provinciale IM"]
[Site "Imperia ITA"]
[Date "1999.01.23"]
[Round "3"]
[White "Mela, Riccardo"]
[Black "Platino, Maurizio"]
[Result "1/2-1/2"]
[WhiteElo "2014"]
[BlackElo "1776"]
[PlyCount "50"]
[EventDate "1999.01.22"]

1. e4 c6 2. d4 d5 3. exd5 cxd5 4. Nf3 Nf6 5. c4 e6 6. Nc3 Nc6 7. Be2 Be7 8. O-O
dxc4 9. Bxc4 O-O 10. h3 a6 11. Be3 b5 12. Be2 Bb7 13. Rc1 Rc8 14. Ne5 Nb4 15.
a4 bxa4 16. Qxa4 Qd6 17. Rfd1 Rfd8 18. Nd3 Nxd3 19. Bxd3 Qc6 20. Qxc6 Rxc6 21.
Na4 Rxc1 22. Rxc1 Nd5 23. Nc5 Bxc5 24. Rxc5 Rc8 25. Be4 h6 1/2-1/2

[Event "C.to Provinciale IM"]
[Site "Imperia ITA"]
[Date "1999.01.24"]
[Round "4"]
[White "Allaria, Luca"]
[Black "Mela, Riccardo"]
[Result "1/2-1/2"]
[WhiteElo "1552"]
[BlackElo "2014"]
[PlyCount "63"]
[EventDate "1999.01.22"]

1. e4 c5 2. d4 cxd4 3. c3 d6 4. cxd4 Nf6 5. Nc3 Nc6 6. Nge2 g6 7. g3 Bg7 8. Bg2
O-O 9. O-O Qb6 10. Rb1 Bd7 11. Be3 Ng4 12. Nd5 Qd8 13. Bf4 e5 14. dxe5 dxe5 15.
Bd2 Be6 16. Nec3 Nd4 17. h3 Nf6 18. Be3 Bxd5 19. Bxd4 exd4 20. Nxd5 Nxd5 21.
exd5 Qd6 22. Qd3 Rac8 23. Rbc1 Qb4 24. Rxc8 Rxc8 25. Qe2 Rc7 26. Rd1 Re7 27.
Qd2 Qb5 28. Re1 Rxe1+ 29. Qxe1 d3 30. b3 Bf8 31. Qd1 Bb4 32. Bf1 1/2-1/2

[Event "C.to Provinciale IM"]
[Site "Imperia ITA"]
[Date "1999.01.24"]
[Round "4"]
[White "Platino, Maurizio"]
[Black "Bianchin, Roberto"]
[Result "1-0"]
[WhiteElo "1776"]
[BlackElo "1713"]
[PlyCount "78"]
[EventDate "1999.01.22"]

1. d4 d5 2. c4 c6 3. Nf3 Nf6 4. Nc3 dxc4 5. e3 b5 6. a4 Ba6 7. axb5 cxb5 8. Ne5
Qc7 9. Be2 e6 10. Bf3 Nd5 11. Nxd5 exd5 12. Bxd5 Bb4+ 13. Bd2 Bxd2+ 14. Qxd2
Bb7 15. Bxf7+ Kf8 16. Qb4+ Qe7 17. Qxb5 Nc6 18. Bxc4 Nxe5 19. dxe5 a6 20. Qb3
Bxg2 21. Rg1 Bb7 22. Qa3 g6 23. Ke2 a5 24. Rgd1 Rc8 25. b3 Rc5 26. f4 Kg7 27.
Rd6 Rhc8 28. Rf6 Rf8 29. Rxf8 Kxf8 30. Qb2 Qh4 31. Qd4 Qg4+ 32. Kd2 Qg2+ 33.
Kc3 Rc8 34. Rxa5 Qg1 35. Ra7 Qc1+ 36. Kb4 Qe1+ 37. Qc3 Qh1 38. Ka3 Qc6 39. Qb4+
Kg7 1-0

[Event "C.to Provinciale IM"]
[Site "Imperia ITA"]
[Date "1999.01.24"]
[Round "4"]
[White "Tortorella, Giancarlo"]
[Black "Donato, Antonino"]
[Result "1-0"]
[WhiteElo "1615"]
[BlackElo "1485"]
[PlyCount "87"]
[EventDate "1999.01.22"]

1. e4 e5 2. Nf3 Nf6 3. Nc3 Nc6 4. d4 d5 5. dxe5 Ng4 6. exd5 Ncxe5 7. Nxe5 Nxe5
8. Bb5+ c6 9. Ba4 Bc5 10. O-O O-O 11. Bf4 Bg4 12. Qc1 Ng6 13. dxc6 Qd4 14. Be3
Qd6 15. Bxc5 Qxc5 16. cxb7 Rad8 17. h3 Bf5 18. Qg5 h6 19. Qg3 Qb6 20. Bb3 Qxb7
21. Rad1 Qe7 22. Nd5 Qc5 23. Ne3 Be4 24. Qg4 Ba8 25. Qxg6 Qe7 26. Nf5 Qg5 27.
Qxg5 hxg5 28. Rfe1 g6 29. Rxd8 Rxd8 30. Nh6+ Kg7 31. Nxf7 Rd2 32. Nxg5 a5 33.
a4 Bc6 34. Re5 Bd7 35. Rxa5 Kh6 36. Nf7+ Kg7 37. Ne5 Rd1+ 38. Kh2 Bf5 39. Ra6
Rb1 40. Nd3 Bxd3 41. cxd3 Rxb2 42. Bc4 Rxf2 43. Ra7+ Kf6 44. Rf7+ 1-0

[Event "C.to Provinciale IM"]
[Site "Imperia ITA"]
[Date "1999.01.24"]
[Round "5"]
[White "Bianchin, Roberto"]
[Black "Mela, Riccardo"]
[Result "1/2-1/2"]
[WhiteElo "1713"]
[BlackElo "2014"]
[PlyCount "81"]
[EventDate "1999.01.22"]

1. d4 Nf6 2. c4 e6 3. Nc3 d5 4. Bg5 Be7 5. e3 h6 6. Bh4 O-O 7. Nf3 b6 8. cxd5
exd5 9. Bd3 Bb7 10. O-O Ne4 11. Bxe7 Qxe7 12. Qc2 f5 13. Ne5 Rf6 14. f3 Nxc3
15. bxc3 Nd7 16. f4 Qe6 17. Kh1 c5 18. Bb5 Nf8 19. a4 a6 20. Bd3 c4 21. Be2 Nd7
22. g4 Nb8 23. gxf5 Qxf5 24. Qxf5 Rxf5 25. Rfb1 Rf6 26. Rb2 Bc8 27. Bf3 Ra7 28.
Bxd5+ Be6 29. Bxc4 Bxc4 30. Nxc4 Rc6 31. Rxb6 Rxc4 32. Rxb8+ Kf7 33. Ra3 Re7
34. Rb4 Rc6 35. c4 a5 36. Rb5 Rxc4 37. Rxa5 Rc2 38. Rc5 Re2 39. Rb3 Re6 40. a5
Rg6 41. Rc7+ 1/2-1/2

[Event "C.to Provinciale IM"]
[Site "Imperia ITA"]
[Date "1999.01.24"]
[Round "5"]
[White "Platino, Maurizio"]
[Black "Mazzini, Aldo"]
[Result "1/2-1/2"]
[WhiteElo "1776"]
[BlackElo "1600"]
[PlyCount "26"]
[EventDate "1999.01.22"]

1. d4 Nf6 2. c4 g6 3. Nc3 d5 4. Nf3 Bg7 5. Qb3 c6 6. cxd5 cxd5 7. Bf4 a6 8. e3
O-O 9. Be2 Nc6 10. O-O Na5 11. Qb4 Nc6 12. Qb3 Na5 13. Qb4 Nc6 1/2-1/2

[Event "C.to Provinciale CO"]
[Site "Como ITA"]
[Date "1999.01.15"]
[Round "1"]
[White "Bevilacqua, Roberto"]
[Black "Giaracuni, Claudio"]
[Result "1-0"]
[WhiteElo "2051"]
[BlackElo "1528"]
[PlyCount "51"]
[EventDate "1999.01.15"]

1. d4 Nf6 2. Nc3 d5 3. Bg5 Bf5 4. f3 e6 5. e4 dxe4 6. fxe4 Bg6 7. e5 h6 8. Bh4
Bxc2 9. Qxc2 Qxd4 10. Bxf6 gxf6 11. exf6 Qxf6 12. Nf3 Bb4 13. O-O-O Bxc3 14.
Qxc3 Qxc3+ 15. bxc3 Nc6 16. Bb5 a6 17. Bxc6+ bxc6 18. Ne5 Rg8 19. Rd2 Rg5 20.
Re1 c5 21. Rf2 Rg7 22. Rd1 f5 23. Rfd2 Rg5 24. g3 Rh5 25. Nd3 c4 26. Nf4 1-0